000 00499nam a22001817a 4500
005 20260512165230.0
008 260512b |||||||| |||| 00| 0 eng d
037 _cDSWL
040 _aDSWL
_cDSWL
041 _heng
084 _aW:5.4454 P0
245 _aKandhamal
260 _aNew Delhi,
_bMARG
_c2010
300 _a203p
365 _aINR
_b395
942 _2CC
_cTEXL
_hW:5.4454 P0
_n0
999 _c1851314
_d1851314